Canción de Rachel /
Guardado en:
| Hovedforfatter: | |
|---|---|
| Format: | Ukendt |
| Sprog: | Spanish |
| Udgivet: |
Cuba :
Editorial Letras Cubanas,
1993.
|
| Fag: | |
| Tags: |
Tilføj Tag
Ingen Tags, Vær først til at tagge denne postø!
|
MARC
| LEADER | 000000000a22000000004500 | ||
|---|---|---|---|
| 001 | 002211 | ||
| 041 | 0 | |a spa | |
| 082 | 0 | 4 | |a Cu863.4 |b B261c2 |
| 100 | 1 | |a Barnet, Miguel, |d 1940- | |
| 245 | 1 | 0 | |a Canción de Rachel / |c Miguel Barnet. |
| 260 | 1 | |a Cuba : |b Editorial Letras Cubanas, |c 1993. | |
| 300 | |a 179 páginas | ||
| 500 | |a La biblioteca contiene dos ejemplares, uno donado por George Yúdice | ||
| 650 | 4 | |a LITERATURA CUBANA | |
| 650 | 4 | |a NOVELA | |
| 999 | |c 8792 |d 8792 | ||
| 942 | |c BK |h Cu863.4 B261c2 |2 z | ||
